000 01304nam a2200325Ia 4500
001 ebr10660265
003 CaPaEBR
006 m u
007 cr cn|||||||||
008 090812s2009 nyua sb 001 0 eng d
010 _z 2009281015
020 _z1606922246 (pbk.)
020 _z9781606922248 (pbk.)
020 _z9781608765928 (ebook)
040 _aCaPaEBR
_cCaPaEBR
035 _a(OCoLC)844347944
050 1 4 _aTP339
_b.E838 2009eb
245 0 0 _aEthanol and biofuels
_h[electronic resource] :
_bproduction, standards and potential /
_cWesley P. Leland, editor.
260 _aNew York :
_bNova Science Publishers,
_cc2009.
300 _axii, 131 p. :
_bcol. ill.
504 _aIncludes bibliographical references and index.
533 _aElectronic reproduction.
_bPalo Alto, Calif. :
_cebrary,
_d2013.
_nAvailable via World Wide Web.
_nAccess may be limited to ebrary affiliated libraries.
650 0 _aAlcohol as fuel
_zUnited States.
650 0 _aBiomass energy
_zUnited States.
650 0 _aRenewable energy sources
_zUnited States.
655 7 _aElectronic books.
_2local
700 1 _aLeland, Wesley P.
710 2 _aebrary, Inc.
856 4 0 _uhttp://site.ebrary.com/lib/rucke/Doc?id=10660265
_zAn electronic book accessible through the World Wide Web; click to view
999 _c170712
_d170712